[Event "26th Abu Dhabi Master 2019"]
[Site "Abu Dhabi"]
[Date "2019.08.05"]
[Round "5.68"]
[White "Ayyad, Husain"]
[Black "Mrudul Dehankar"]
[Result "1-0"]
[WhiteElo "2231"]
[BlackElo "2074"]
[Annotator "NA"]
[PlyCount "126"]
[EventDate "2019.08.02"]
[EventType "swiss"]
[EventCountry "UAE"]
[SourceTitle "playchess.com"]
[Source "ChessBase"]
[SourceQuality "1"]
[TimeControl "5400+30"]

1. e4 d5 2. exd5 Nf6 3. d4 Bg4 4. Be2 Bxe2 5. Qxe2 Qxd5 6. Nf3 e6 7. O-O Nc6 8. Rd1 O-O-O 9. c4 Qh5 10. Bf4 Rg8 11. Nc3 g5 12. Bg3 g4 13. Ne5 Nxd4 {[%emt 0:39:21]} 14. Qe3 {[%emt 1:01:35]} Bc5 {[%emt 0:24:20]} 15. Qf4 {[%emt 0:00:07]} Qf5 {[%emt 0:10:44]} 16. Nxf7 {[%emt 0:04:31]} Qxf4 {[%emt 0:02:08]} 17. Bxf4 {[%emt 0:00:01]} Rdf8 18. Ne5 {[%emt 0:08:47]} Nf5 {[%emt 0:04:50]} 19. Nd3 {[%emt 0:08:41]} Bd6 20. Re1 Re8 {[%emt 0:05:39]} 21. c5 {[%emt 0:11:00]} Bxf4 {[%emt 0:02:37]} 22. Nxf4 {[%emt 0:00:01]} Nd4 {[%emt 0:01:44]} 23. Rad1 {[%emt 0:01:33]} e5 {[%emt 0:01:21]} 24. Nfd5 {[%emt 0:01:49]} Nxd5 {[%emt 0:02:38]} 25. Nxd5 {[%emt 0:00:02]} Rgf8 {[%emt 0:00:30]} 26. Re4 {[%emt 0:00:09]} h5 {[%emt 0:00:08]} 27. Rde1 {[%emt 0:00:15]} Nc6 {[%emt 0:04:18]} 28. Ne3 {[%emt 0:03:43]} Rd8 {[%emt 0:02:30]} 29. Nc4 {[%emt 0:00:22]} Rd5 30. Nxe5 Re8 {[%emt 0:01:32]} 31. f4 {[%emt 0:00:35]} gxf3 {[%emt 0:00:07]} 32. Nxf3 {[%emt 0:00:03]} Rxe4 {[%emt 0:00:10]} 33. Rxe4 {[%emt 0:00:02]} Rxc5 34. Kf2 {[%emt 0:00:22]} Kd7 {[%emt 0:00:53]} 35. Re2 {[%emt 0:00:59]} Ne7 {[%emt 0:00:52]} 36. h3 {[%emt 0:00:56]} Ng6 {[%emt 0:00:40]} 37. g4 {[%emt 0:00:18]} hxg4 {[%emt 0:00:38]} 38. hxg4 {[%emt 0:00:01]} a5 {[%emt 0:00:43]} 39. Kg3 {[%emt 0:00:16]} b5 {[%emt 0:00:28]} 40. Rd2+ {[%emt 0:00:22]} Ke7 {[%emt 0:00:14]} 41. Nd4 {[%emt 0:00:42]} Kf6 {[%emt 0:00:48]} 42. Rf2+ {[%emt 0:00:35]} Ke5 {[%emt 0:00:24]} 43. Nb3 {[%emt 0:00:09]} Rc4 {[%emt 0:00:30]} 44. Nxa5 {[%emt 0:01:35]} Ra4 {[%emt 0:00:33]} 45. Nc6+ {[%emt 0:00:14]} Ke6 {[%emt 0:00:33]} 46. b3 {[%emt 0:00:34]} Re4 {[%emt 0:00:30]} 47. Re2 {[%emt 0:01:43]} Rxe2 {[%emt 0:00:30]} 48. Nd4+ {[%emt 0:00:01]} Ke5 {[%emt 0:00:24]} 49. Nxe2 {[%emt 0:00:01]} c5 {[%emt 0:00:28]} 50. Kf3 {[%emt 0:00:11]} Kd5 {[%emt 0:00:37]} 51. Nc3+ {[%emt 0:00:11]} Kc6 {[%emt 0:00:23]} 52. Ke4 {[%emt 0:00:02]} b4 {[%emt 0:00:44]} 53. Nd5 {[%emt 0:00:08]} Kd6 {[%emt 0:00:16]} 54. Nf4 {[%emt 0:00:55]} Ne7 {[%emt 0:00:04]} 55. g5 {[%emt 0:00:09]} Ng8 {[%emt 0:00:32]} 56. Kf5 {[%emt 0:00:23]} Ne7+ {[%emt 0:00:07]} 57. Kf6 {[%emt 0:00:13]} Ng8+ {[%emt 0:00:11]} 58. Kf7 {[%emt 0:00:12]} Ne7 {[%emt 0:00:07]} 59. Nd3 {[%emt 0:01:46]} Nf5 {[%emt 0:00:43]} 60. g6 {[%emt 0:00:50]} Kd5 {[%emt 0:01:45]} 61. g7 {[%emt 0:01:24]} Kd4 {[%emt 0:00:35]} 62. Nb2 {[%emt 0:00:35]} Kc3 {[%emt 0:00:33]} 63. Na4+ {[%emt 0:00:08]} Kd4 {[%emt 0:00:30]} 1-0

[Event "26th Abu Dhabi Master 2019"]
[Site "Abu Dhabi"]
[Date "2019.08.05"]
[Round "5.69"]
[White "Srihari L R"]
[Black "Arjun C Krishnamachari"]
[Result "1-0"]
[WhiteElo "2227"]
[BlackElo "2212"]
[Annotator "NA"]
[PlyCount "107"]
[EventDate "2019.08.02"]
[EventType "swiss"]
[EventCountry "UAE"]
[SourceTitle "playchess.com"]
[Source "ChessBase"]
[SourceQuality "1"]
[TimeControl "5400+30"]

1. Nf3 {[%emt 0:02:28]} Nf6 {[%emt 0:01:37]} 2. g3 {[%emt 0:00:10]} g6 {[%emt 0:00:41]} 3. b3 {[%emt 0:00:56]} Bg7 {[%emt 0:01:49]} 4. Bb2 {[%emt 0:00:26]} O-O {[%emt 0:00:08]} 5. Bg2 {[%emt 0:00:08]} c5 {[%emt 0:01:08]} 6. c4 {[%emt 0:01:42]} Nc6 {[%emt 0:00:38]} 7. O-O {[%emt 0:00:36]} d6 {[%emt 0:00:26]} 8. d4 {[%emt 0:00:55]} Ne8 {[%emt 0:09:44]} 9. Qd2 {[%emt 0:16:39]} cxd4 {[%emt 0:14:30]} 10. Nxd4 {[%emt 0:00:09]} Bd7 {[%emt 0:00:15]} 11. e3 {[%emt 0:06:56]} Kh8 {[%emt 0:19:19]} 12. Nc3 {[%emt 0:07:04]} Qa5 {[%emt 0:03:51]} 13. Rad1 {[%emt 0:02:11]} Nf6 {[%emt 0:02:40]} 14. Nde2 {[%emt 0:11:47]} Rab8 {[%emt 0:08:10]} 15. e4 {[%emt 0:05:43]} Ne5 {[%emt 0:06:00]} 16. Nd4 {[%emt 0:05:42]} Nc6 {[%emt 0:03:25]} 17. Nc2 {[%emt 0:09:38]} Qh5 {[%emt 0:03:11]} 18. f3 {[%emt 0:06:23]} Bh3 {[%emt 0:05:25]} 19. Ne3 {[%emt 0:04:53]} Bxg2 {[%emt 0:03:08]} 20. Kxg2 {[%emt 0:00:55]} Qa5 {[%emt 0:00:30]} 21. Rfe1 {[%emt 0:02:29]} a6 {[%emt 0:05:24]} 22. Ncd5 {[%emt 0:03:37]} Qxd2+ {[%emt 0:02:03]} 23. Rxd2 {[%emt 0:00:03]} Nxd5 {[%emt 0:00:02]} 24. Bxg7+ {[%emt 0:01:30]} Kxg7 {[%emt 0:00:07]} 25. exd5 {[%emt 0:02:12]} Ne5 {[%emt 0:00:41]} 26. f4 {[%emt 0:00:43]} Nd7 {[%emt 0:00:07]} 27. Rde2 {[%emt 0:00:10]} Rfe8 {[%emt 0:02:24]} 28. Nc2 {[%emt 0:00:35]} Kf8 {[%emt 0:00:07]} 29. Nd4 {[%emt 0:00:15]} Rbc8 {[%emt 0:00:53]} 30. Kf3 {[%emt 0:00:20]} Nc5 {[%emt 0:01:13]} 31. g4 {[%emt 0:01:42]} Rc7 {[%emt 0:01:09]} 32. h4 {[%emt 0:00:37]} Kg7 {[%emt 0:03:35]} 33. g5 {[%emt 0:00:34]} Kf8 {[%emt 0:01:01]} 34. h5 {[%emt 0:00:44]} Kg7 {[%emt 0:00:53]} 35. Rh1 {[%emt 0:02:51]} Rh8 {[%emt 0:00:41]} 36. h6+ {[%emt 0:00:46]} Kf8 {[%emt 0:00:09]} 37. Rhe1 {[%emt 0:00:34]} Ke8 {[%emt 0:00:01]} 38. Ke3 {[%emt 0:00:42]} Kd8 {[%emt 0:00:52]} 39. Kd2 {[%emt 0:00:18]} Rf8 {[%emt 0:00:48]} 40. Kc3 {[%emt 0:02:35]} Re8 {[%emt 0:00:30]} 41. Re3 {[%emt 0:01:04]} Nd7 {[%emt 0:00:23]} 42. a4 {[%emt 0:00:26]} Nb6 {[%emt 0:00:15]} 43. Kb4 {[%emt 0:00:24]} Nd7 {[%emt 0:00:40]} 44. a5 {[%emt 0:00:22]} Nc5 {[%emt 0:00:32]} 45. Kc3 {[%emt 0:00:16]} Nd7 {[%emt 0:00:37]} 46. b4 {[%emt 0:00:08]} Rc8 {[%emt 0:00:37]} 47. R3e2 {[%emt 0:01:03]} b5 {[%emt 0:00:35]} 48. axb6 {[%emt 0:00:38]} Nxb6 {[%emt 0:00:15]} 49. Nc6+ {[%emt 0:00:04]} Rxc6 {[%emt 0:00:42]} 50. dxc6 {[%emt 0:00:05]} e6 {[%emt 0:00:08]} 51. Ra2 {[%emt 0:00:31]} Kc7 {[%emt 0:00:00]} 52. Rxa6 {[%emt 0:00:09]} Kxc6 {[%emt 0:00:05]} 53. Ra7 {[%emt 0:00:05]} Rf8 {[%emt 0:01:19]} 54. b5+ {[%emt 0:00:07] Kd5} 1-0

[Event "26th Abu Dhabi Master 2019"]
[Site "Abu Dhabi"]
[Date "2019.08.05"]
[Round "5.70"]
[White "Soham Datar"]
[Black "Ajay Karthikeyan"]
[Result "1/2-1/2"]
[WhiteElo "2129"]
[BlackElo "2216"]
[Annotator "NA"]
[PlyCount "61"]
[EventDate "2019.08.02"]
[EventType "swiss"]
[EventCountry "UAE"]
[SourceTitle "playchess.com"]
[Source "ChessBase"]
[SourceQuality "1"]
[TimeControl "5400+30"]

1. d4 Nf6 2. g3 c5 3. Nf3 cxd4 4. Nxd4 d5 5. Bg2 e5 6. Nb3 h6 7. O-O Nc6 8. Nc3 Be6 9. Na4 Bd6 10. Nac5 Qe7 11. Nxe6 Qxe6 12. c4 dxc4 13. Nd2 O-O 14. Qa4 Nd4 15. Qxc4 Qxc4 16. Nxc4 Nxe2+ 17. Kh1 Bc5 18. Bxb7 Rab8 19. Bg2 Bd4 20. Be3 Rfc8 21. Bxd4 exd4 22. b3 Nc3 23. Ne5 Rb6 24. Bf3 g6 25. Kg2 Kg7 26. Rac1 Re8 27. Nc4 Ra6 28. a4 Rb8 29. Nd2 Nd7 30. Rfe1 Re6 31. Bg4 1/2-1/2

[Event "26th Abu Dhabi Master 2019"]
[Site "Abu Dhabi"]
[Date "2019.08.05"]
[Round "5.71"]
[White "Haase, Pavel"]
[Black "Asaka, Samuel"]
[Result "0-1"]
[WhiteElo "2160"]
[BlackElo "2201"]
[Annotator "NA"]
[PlyCount "68"]
[EventDate "2019.08.02"]
[EventType "swiss"]
[EventCountry "UAE"]
[SourceTitle "playchess.com"]
[Source "ChessBase"]
[SourceQuality "1"]
[TimeControl "5400+30"]

1. b3 {[%emt 0:00:00]} e5 {[%emt 0:01:04]} 2. Bb2 {[%emt 0:00:00]} Nc6 {[%emt 0:00:05]} 3. e3 {[%emt 0:00:32]} d5 {[%emt 0:00:11]} 4. Bb5 {[%emt 0:01:25]} Bd6 {[%emt 0:00:12]} 5. Nf3 {[%emt 0:00:37]} Qe7 {[%emt 0:00:21]} 6. d4 {[%emt 0:02:42]} e4 {[%emt 0:00:17]} 7. Ne5 {[%emt 0:02:10]} Qg5 {[%emt 0:01:02]} 8. Nxc6 {[%emt 0:27:15]} Qxg2 {[%emt 0:02:07]} 9. Ne5+ {[%emt 0:01:15]} c6 {[%emt 0:01:20]} 10. Rf1 {[%emt 0:01:04]} cxb5 {[%emt 0:01:19]} 11. Qe2 {[%emt 0:05:16]} a6 {[%emt 0:02:40]} 12. Nc3 {[%emt 0:02:14]} Ne7 {[%emt 0:37:26]} 13. O-O-O {[%emt 0:05:09]} O-O {[%emt 0:03:57]} 14. Rg1 {[%emt 0:09:04]} Qh3 {[%emt 0:00:12]} 15. f4 {[%emt 0:15:19]} exf3 {[%emt 0:05:31]} 16. Qxf3 {[%emt 0:00:58]} Qxf3 {[%emt 0:02:54]} 17. Nxf3 {[%emt 0:00:07]} Bf5 {[%emt 0:06:33]} 18. Rd2 {[%emt 0:06:02]} Rac8 {[%emt 0:09:35]} 19. Rdg2 {[%emt 0:02:12]} Rc7 {[%emt 0:03:33]} 20. e4 {[%emt 0:07:43]} Bg6 {[%emt 0:07:19]} 21. e5 {[%emt 0:03:54]} Bb4 {[%emt 0:00:12]} 22. Nd1 {[%emt 0:00:11]} Be4 {[%emt 0:02:43]} 23. Rf2 {[%emt 0:04:52]} f6 {[%emt 0:00:28]} 24. c3 {[%emt 0:01:21]} fxe5 {[%emt 0:00:22]} 25. Nxe5 {[%emt 0:00:07]} Rxf2 {[%emt 0:01:02]} 26. Nxf2 {[%emt 0:00:01]} Bxc3 {[%emt 0:00:50]} 27. Bxc3 {[%emt 0:00:22]} Rxc3+ {[%emt 0:00:09]} 28. Kd1 {[%emt 0:00:10]} Nc6 {[%emt 0:03:25]} 29. Nxe4 {[%emt 0:00:45]} dxe4 {[%emt 0:00:12]} 30. Re1 {[%emt 0:01:13]} Nxe5 {[%emt 0:00:59]} 31. dxe5 {[%emt 0:00:04]} e3 {[%emt 0:00:08]} 32. Ke2 {[%emt 0:00:21]} Kf7 {[%emt 0:00:21]} 33. Kf3 {[%emt 0:00:06]} Ke6 {[%emt 0:00:22]} 34. Ke4 {[%emt 0:00:11]} Rc5 {[%emt 0:00:07]} 0-1

[Event "26th Abu Dhabi Master 2019"]
[Site "Abu Dhabi"]
[Date "2019.08.05"]
[Round "5.72"]
[White "Priyanka, K."]
[Black "Srihari L"]
[Result "1-0"]
[WhiteElo "2201"]
[BlackElo "2101"]
[Annotator "NA"]
[PlyCount "47"]
[EventDate "2019.08.02"]
[EventType "swiss"]
[EventCountry "UAE"]
[SourceTitle "playchess.com"]
[Source "ChessBase"]
[SourceQuality "1"]
[TimeControl "5400+30"]

1. e4 {[%emt 0:00:09]} c5 {[%emt 0:00:00]} 2. Nf3 {[%emt 0:00:07]} Nc6 {[%emt 0:00:00]} 3. d4 {[%emt 0:00:13]} cxd4 {[%emt 0:00:00]} 4. Nxd4 {[%emt 0:00:04]} e5 {[%emt 0:00:00]} 5. Nb5 {[%emt 0:00:21]} a6 {[%emt 0:00:03]} 6. Nd6+ {[%emt 0:02:32]} Bxd6 {[%emt 0:00:09]} 7. Qxd6 {[%emt 0:00:07]} Qf6 {[%emt 0:00:04]} 8. Qd1 {[%emt 0:14:05]} Qg6 {[%emt 0:00:13]} 9. Nc3 {[%emt 0:07:25]} d5 {[%emt 0:00:24]} 10. Nxd5 {[%emt 0:12:28]} Qxe4+ {[%emt 0:00:17]} 11. Ne3 {[%emt 0:00:58]} Be6 {[%emt 0:08:00]} 12. Bd3 {[%emt 0:04:44]} Qh4 {[%emt 0:09:11]} 13. c3 {[%emt 0:06:14]} O-O-O {[%emt 0:04:23]} 14. Qe2 {[%emt 0:02:44]} Nge7 {[%emt 0:01:48]} 15. g3 {[%emt 0:09:57]} Qf6 {[%emt 0:11:28]} 16. Ng4 {[%emt 0:05:23]} Bxg4 {[%emt 0:00:18]} 17. Qxg4+ {[%emt 0:00:06]} Kb8 {[%emt 0:00:20]} 18. Bg5 {[%emt 0:03:17]} Qd6 {[%emt 0:03:45]} 19. O-O-O {[%emt 0:01:05]} h5 {[%emt 0:06:52]} 20. Qa4 {[%emt 0:02:52]} Qc7 {[%emt 0:03:34]} 21. Qb3 {[%emt 0:04:36]} f6 {[%emt 0:04:53]} 22. Be3 {[%emt 0:00:17]} Na5 {[%emt 0:03:20]} 23. Qb6 {[%emt 0:01:46]} Nd5 {[%emt 0:00:44]} 24. Qa7+ {[%emt 0:00:35]} 1-0

[Event "26th Abu Dhabi Master 2019"]
[Site "Abu Dhabi"]
[Date "2019.08.05"]
[Round "5.73"]
[White "Adnan, Habib"]
[Black "Thrish Karthik"]
[Result "1-0"]
[WhiteElo "2197"]
[BlackElo "2075"]
[Annotator "NA"]
[PlyCount "95"]
[EventDate "2019.08.02"]
[EventType "swiss"]
[EventCountry "UAE"]
[SourceTitle "playchess.com"]
[Source "ChessBase"]
[SourceQuality "1"]
[TimeControl "5400+30"]

1. Nf3 Nf6 2. g3 d5 3. Bg2 Bg4 4. b3 Nbd7 5. Bb2 Bxf3 6. Bxf3 e5 7. d3 c6 8. Nd2 Bd6 9. O-O h5 10. e4 d4 11. c3 c5 12. Nc4 Be7 13. cxd4 cxd4 14. a4 Qb8 15. Bg2 Nb6 16. Nd2 a5 17. Nb1 h4 18. Na3 Ra6 19. Nb5 Nbd7 20. Rc1 Rc6 21. h3 Nh5 22. Bf3 Ndf6 23. Kg2 hxg3 24. fxg3 Qc8 25. Rh1 Qd8 26. Na7 Rxc1 27. Bxc1 g6 28. Nb5 Ng7 29. Qc2 Ne6 30. Bd2 Nh5 31. Bg4 Nhg7 32. Rc1 f5 33. exf5 gxf5 34. Bf3 Bc5 35. Re1 Qf6 36. Nc7+ Kf8 37. Nd5 Qg6 38. Rxe5 Nh5 39. Bxh5 Qxh5 40. h4 Rg8 41. Nf6 Rxg3+ 42. Kxg3 Qg6+ 43. Kf3 Qg1 44. Rxe6 Qh1+ 45. Ke2 Qg2+ 46. Kd1 Qf3+ 47. Re2 Qf1+ 48. Be1 1-0

[Event "26th Abu Dhabi Master 2019"]
[Site "Abu Dhabi"]
[Date "2019.08.05"]
[Round "5.74"]
[White "Davainis, Marius"]
[Black "Krzywda, Andrzej"]
[Result "0-1"]
[WhiteElo "2105"]
[BlackElo "2190"]
[Annotator "NA"]
[PlyCount "100"]
[EventDate "2019.08.02"]
[EventType "swiss"]
[EventCountry "UAE"]
[SourceTitle "playchess.com"]
[Source "ChessBase"]
[SourceQuality "1"]
[TimeControl "5400+30"]

1. Nf3 {[%emt 0:00:00]} Nf6 {[%emt 0:00:00]} 2. b4 {[%emt 0:00:00]} e6 {[%emt 0:01:39]} 3. a3 {[%emt 0:00:00]} d5 {[%emt 0:00:55]} 4. Bb2 {[%emt 0:00:13]} a5 {[%emt 0:01:05]} 5. b5 {[%emt 0:01:08]} Nbd7 {[%emt 0:01:27]} 6. d4 {[%emt 0:00:39]} Nb6 {[%emt 0:02:15]} 7. e3 {[%emt 0:03:23]} Bd6 {[%emt 0:04:39]} 8. Bd3 {[%emt 0:04:26]} O-O {[%emt 0:00:20]} 9. O-O {[%emt 0:00:08]} Na4 {[%emt 0:01:25]} 10. Bc1 {[%emt 0:08:24]} c5 {[%emt 0:06:08]} 11. c4 {[%emt 0:10:22]} Nb6 {[%emt 0:09:19]} 12. Nbd2 {[%emt 0:05:00]} cxd4 {[%emt 0:02:20]} 13. exd4 {[%emt 0:00:54]} dxc4 {[%emt 0:00:43]} 14. Nxc4 {[%emt 0:01:31]} Nxc4 {[%emt 0:01:47]} 15. Bxc4 {[%emt 0:00:08]} Qc7 {[%emt 0:04:34]} 16. Qe2 {[%emt 0:02:36]} b6 {[%emt 0:04:47]} 17. Bb2 {[%emt 0:03:40]} Bb7 {[%emt 0:00:45]} 18. Ne5 {[%emt 0:01:08]} Nd5 {[%emt 0:02:39]} 19. Rfc1 {[%emt 0:10:37]} Qe7 {[%emt 0:02:01]} 20. Qg4 {[%emt 0:07:03]} f5 {[%emt 0:02:14]} 21. Qg3 {[%emt 0:01:56]} f4 {[%emt 0:03:34]} 22. Qh3 {[%emt 0:04:03]} Bxe5 {[%emt 0:03:05]} 23. dxe5 {[%emt 0:00:04]} f3 {[%emt 0:06:40]} 24. g3 {[%emt 0:14:29]} Rad8 {[%emt 0:09:26]} 25. a4 {[%emt 0:03:51]} Rf5 {[%emt 0:05:47]} 26. Ba3 {[%emt 0:03:50]} Qg5 {[%emt 0:03:10]} 27. Bxd5 {[%emt 0:00:38]} Bxd5 {[%emt 0:00:35]} 28. Bd6 {[%emt 0:00:02]} Re8 {[%emt 0:04:09]} 29. Rc3 {[%emt 0:05:45]} Qd2 {[%emt 0:06:50]} 30. Rac1 {[%emt 0:00:51]} h6 {[%emt 0:01:12]} 31. Qf1 {[%emt 0:02:17]} Qd4 {[%emt 0:00:46]} 32. Qd1 {[%emt 0:00:32]} Qg4 {[%emt 0:00:26]} 33. Bc7 {[%emt 0:02:38]} Rh5 {[%emt 0:01:36]} 34. Qf1 {[%emt 0:00:01]} Rh3 {[%emt 0:02:04]} 35. Kh1 {[%emt 0:00:28]} Rf8 {[%emt 0:01:02]} 36. Bxb6 {[%emt 0:00:36]} Rf5 {[%emt 0:00:43]} 37. Rc8+ {[%emt 0:00:29]} Kh7 {[%emt 0:00:07]} 38. Bd8 {[%emt 0:00:47]} Qxg3 {[%emt 0:03:09]} 39. Qg1 {[%emt 0:01:12]} Qg2+ {[%emt 0:02:14]} 40. Qxg2 {[%emt 0:00:02]} fxg2+ {[%emt 0:00:01]} 41. Kg1 {[%emt 0:00:01]} Rfh5 {[%emt 0:00:37]} 42. f3 {[%emt 0:01:26]} Rxh2 {[%emt 0:00:34]} 43. Bb6 {[%emt 0:01:37]} Bxf3 {[%emt 0:00:38]} 44. R8c3 {[%emt 0:01:01]} Bd5 {[%emt 0:00:58]} 45. Be3 {[%emt 0:00:36]} Rh1+ {[%emt 0:00:39]} 46. Kf2 {[%emt 0:00:02]} Rf5+ {[%emt 0:00:28]} 47. Ke2 {[%emt 0:01:13]} Rff1 {[%emt 0:00:26]} 48. Kd2 {[%emt 0:01:05]} g1=Q {[%emt 0:00:46]} 49. Bxg1 {[%emt 0:00:02]} Rhxg1 {[%emt 0:00:14]} 50. Rxf1 {[%emt 0:01:04]} Rxf1 {[%emt 0:00:01]} 0-1

[Event "26th Abu Dhabi Master 2019"]
[Site "Abu Dhabi"]
[Date "2019.08.07"]
[Round "6.1"]
[White "Jobava, Baadur"]
[Black "Maghsoodloo, Parham"]
[Result "1-0"]
[WhiteElo "2594"]
[BlackElo "2656"]
[Annotator "TA"]
[PlyCount "95"]
[EventDate "2019.08.02"]
[EventType "swiss"]
[EventCountry "UAE"]
[SourceTitle "playchess.com"]
[Source "ChessBase"]
[SourceQuality "1"]

{[%evp 21,99,34,27,26,35,22,38,29,40,33,33,21,14,0,50,43,47,24,35,26,41,49,67,8,70,28,31,16,31,43,73,85,198,195,189,117,154,154,148,158,134,118,146,150,144,141,156,144,213,209,195,184,187,167,242,238,213,225,209,210,333,333,333,333,321,300,331,334,327,316,308,292,1002,970,955,835,29969,29970,12806,5065]} 1. e4 c5 2. Nc3 Nc6 3. Nge2 Nf6 4. d4 cxd4 5. Nxd4 d6 6. Bg5 e6 7. Qd2 a6 8. O-O-O Bd7 9. Nxc6 Bxc6 10. f3 b5 11. Kb1 Be7 12. h4 {B67: Sicilian: Richter-Rauzer: 7...a6 8 0-0-0 Bd7, lines without 9 f4 Be7} h6 13. Be3 h5 14. Ne2 {White is slightly better.} Qc7 15. Nd4 Bd7 16. Rc1 $146 ({Predecessor:} 16. Bg5 Rb8 17. Nb3 e5 18. g3 {0-1 (49) Hossain,E (2473)-Maghsoodloo,P (2636) Hamedan 2018}) 16... e5 17. Nb3 a5 18. c4 $1 {[%cal Rc4b5]} a4 19. cxb5 Qd8 20. Na1 d5 $1 21. Nc2 $36 {[%mdl 2048] White has the initiative.} dxe4 22. Nb4 (22. Qc3 $1 $14) 22... Bf5 ({Better is} 22... exf3 $11 23. gxf3 a3) 23. Qxd8+ Rxd8 24. Nc6 {[%mdl 64] Double Attack} exf3+ 25. Ka1 Nd5 26. Bf2 e4 (26... Rc8 $16 {keeps fighting.}) 27. Nxd8 $18 e3 {White must now prevent ...a3.} 28. b6 ({Don't do} 28. gxf3 $6 exf2 29. Nc6 Bf6 $14) ({White should play} 28. Bg3 $1 $18) 28... Kxd8 29. Bg3 $1 e2 {...a3 is the strong threat.} 30. gxf3 exf1=Q 31. Rhxf1 Nxb6 {Strongly threatening ...Ke8.} 32. Bc7+ {[%mdl 64] Double Attack} Ke8 {And now ...Nd5 would win.} 33. Bxb6 Bxh4 34. Rc4 Bd8 (34... Bg3 $16) 35. Bxd8 Kxd8 36. Rxa4 {[%mdl 4096] Endgame KRR-KRB} Ke7 37. Rd4 $1 g5 (37... Bh3 {was necessary.} 38. Rh1 Be6) 38. b4 {[%cal Bb2b4,Bb4b5][%mdl 32]} h4 39. b5 h3 40. a4 $1 {[%cal Ba2a4,Ba4a5,Ba5a6][%mdl 32]} Bc8 {[#]} (40... Be6 {is a better defense.} 41. Re1 f5) 41. a5 $1 h2 42. Re1+ Kf6 43. Rd6+ Kf5 {[#]} 44. Rh1 $1 Kf4 45. Rd2 Kg3 46. a6 f5 $2 (46... Rh6 47. Kb1 f5) 47. Rc2 Be6 {[#]} 48. Rcxh2 {Played: Rh1xh2} 1-0

[Event "26th Abu Dhabi Master 2019"]
[Site "Abu Dhabi"]
[Date "2019.08.07"]
[Round "6.2"]
[White "Ni, Hua"]
[Black "Tabatabaei, M.amin"]
[Result "1-0"]
[WhiteElo "2668"]
[BlackElo "2601"]
[Annotator "TA"]
[PlyCount "91"]
[EventDate "2019.08.02"]
[EventType "swiss"]
[EventCountry "UAE"]
[SourceTitle "playchess.com"]
[Source "ChessBase"]
[SourceQuality "1"]

{[%evp 18,91,24,22,20,0,0,0,21,33,17,11,25,10,11,14,37,35,39,35,42,42,89,68,75,75,57,72,52,66,78,47,47,48,65,66,46,26,28,28,73,77,82,70,83,75,220,212,472,466,1527,864,1259,1140,1754,1290,1706,1674,1578,1657,3295,1937,4614,4606,29980,29981,29983,29984,29984,29985,29985,29986,29984,29985,29980,29976]} 1. d4 Nf6 2. c4 e6 3. g3 d5 4. Bg2 Be7 5. Nf3 O-O 6. Nc3 dxc4 7. Ne5 c5 8. dxc5 Qxd1+ 9. Nxd1 Bxc5 10. O-O {[#]} Nc6 $1 {[%mdl 512] E06: Closed Catalan: Early deviations} 11. Bxc6 (11. Nxc6 bxc6) 11... bxc6 12. Be3 Bxe3 $146 {The position is equal.} ({Predecessor:} 12... Bb6 13. Nxc4 Ba6 14. Rc1 Nd5 15. Re1 Rfd8 16. b3 Rac8 17. Bd2 c5 18. Ndb2 {½-½ (75) Malakhov,V (2693)-Leko,P (2709) Germany 2016}) 13. Nxe3 c3 14. bxc3 Nd5 15. c4 $36 {[%mdl 2048] White has some pressure.} Nxe3 16. fxe3 Ba6 17. Rac1 c5 18. Rfd1 Rfd8 19. Rd3 Rac8 20. Rcc3 f6 21. Ra3 Rxd3 22. exd3 fxe5 23. Rxa6 $16 {[%mdl 4160] [#] Endgame Double Attack. KR-KR} Rd8 24. Rxe6 Rxd3 25. Rxe5 Rd1+ 26. Kg2 Rd2+ 27. Kh3 {a4 is the strong threat.} Rxa2 28. Rxc5 a5 29. Kg4 a4 30. Ra5 Rxh2 31. Rxa4 h5+ (31... Kf7 $16 {was called for.}) 32. Kf5 $18 Kh7 $2 (32... g5 {might work better.} 33. Ra8+ Kf7 34. Ra7+ (34. Kxg5 Ke6 $18) 34... Ke8 35. Kxg5 Rc2) 33. e4 Rf2+ (33... Rg2 $142 34. c5 Rxg3) 34. Ke6 Rc2 35. e5 Rc3 36. Kd6 Rd3+ 37. Ke7 Rxg3 38. c5 {[%cal Bc4c5,Bc5c6,Bc6c7][%mdl 32]} Rc3 39. Kd6 Kg6 40. c6 Rd3+ 41. Kc5 {White mates.} Rd8 42. c7 Rc8 43. Kd6 Kf5 44. Rc4 h4 45. Rxh4 g5 46. Rh1 {Accuracy: White = 88%, Black = 45%.} 1-0

[Event "26th Abu Dhabi Master 2019"]
[Site "Abu Dhabi"]
[Date "2019.08.07"]
[Round "6.3"]
[White "Karthikeyan, Murali"]
[Black "Volokitin, Andrei"]
[Result "1-0"]
[WhiteElo "2613"]
[BlackElo "2636"]
[Annotator "TA"]
[PlyCount "91"]
[EventDate "2019.08.02"]
[EventType "swiss"]
[EventCountry "UAE"]
[SourceTitle "playchess.com"]
[Source "ChessBase"]
[SourceQuality "1"]

{[%evp 15,91,-8,0,0,0,5,6,9,16,14,17,9,10,13,21,-1,14,1,23,25,15,21,23,27,20,20,27,44,18,12,25,23,61,61,53,59,54,42,49,49,49,49,88,86,90,91,82,81,83,85,82,83,82,82,82,98,129,140,137,126,147,131,175,164,196,196,196,195,199,198,201,196,233,195,332,297,29937,9982]} 1. e4 c5 2. Nf3 d6 3. d4 cxd4 4. Nxd4 Nf6 5. Nc3 a6 6. Be2 e5 7. Nf3 Be7 8. Bg5 Nbd7 9. a4 {B92: Sicilian Najdorf: 6 Be2} h6 10. Be3 Ng4 11. Bc1 {The position is equal.} Ngf6 12. O-O Nc5 13. Nd2 Be6 14. b3 O-O 15. Bb2 Qc7 16. Bf3 {[#]} Rad8 $146 ({Predecessor:} 16... Rfd8) 17. Re1 Rfe8 18. Nf1 d5 19. exd5 e4 20. Nxe4 Ncxe4 21. Bxe4 Nxe4 22. Rxe4 {Threatens to win with Ne3.} Bxd5 23. Qg4 {[%csl Gb2][%cal Rg4g7]} Bg5 24. Rxe8+ Rxe8 {[#]} 25. Qd4 $1 {[%csl Gb2][%cal Rd4g7]} Bf6 26. Qxd5 {Strongly threatening Bxf6.} Bxb2 27. Rd1 Qxc2 28. Rd2 Qb1 29. Qxb7 a5 30. Qb5 $36 {[%mdl 2048] White is on the roll.} Re1 31. Rd8+ Kh7 32. Rd7 f5 33. g3 f4 34. Qd3+ Qxd3 35. Rxd3 $16 {[%mdl 4096] Endgame KRB-KRN} g5 36. gxf4 gxf4 37. Kg2 Ba3 38. Rd4 f3+ 39. Kg1 Re7 40. Rf4 Rg7+ 41. Ng3 Rc7 42. Rxf3 Kg6 43. Kg2 Rc2 44. h4 Bc5 (44... h5 $142 45. Rf5 Rc5) 45. h5+ $18 Kg5 $2 {[#]} (45... Kh7 $18 46. Ne4 Bb4 47. Rf7+ Kg8) 46. Kh3 {Accuracy: White = 94%, Black = 58%.} 1-0